| 000 | 00778nam a2200253 a 4500 | ||
|---|---|---|---|
| 999 |
_c11758 _d11758 |
||
| 001 | 11758 | ||
| 003 | BD-JhCC | ||
| 005 | 20201103131534.0 | ||
| 008 | 200901b2015 enka|||| ||a| 001 0 eng d | ||
| 020 | _a9780241182611 | ||
| 035 | _a(BD-JhCC)11758 | ||
| 040 |
_aBD-JhCC _dBD-JhCC |
||
| 041 | _aeng | ||
| 082 |
_a822.33 _bSHA 2015 |
||
| 245 |
_aThe Shakespeare Book / _cSr Editor-Georgina Palffy |
||
| 260 |
_aEngland: _bDK Publishers; _c2015. |
||
| 300 |
_a352 p.: _bill _c24 cm. |
||
| 650 | _a | ||
| 651 |
_aEarly modern and Elizabethan _e Bookbinding _v English drama _x Clarke, Charles Cowden _yBarker, Ernest, Sir _z English drama-- Language and languages |
||
| 700 | _aSr Editor-Georgina Palffy | ||
| 700 | _aEditor- Satu Fox | ||
| 942 |
_2ddc _cBK |
||